Central Library OPAC University of Rajshahi

বাংলাদেশের পূর্বমুখী পররাষ্ট্রনীতি : (Record no. 76364)

MARC details
000 -LEADER
fixed length control field 00911nam a22002297a 4500
001 - CONTROL NUMBER
control field 76364
003 - CONTROL NUMBER IDENTIFIER
rucl marc code BD-RjUL
005 - DATE AND TIME OF LATEST TRANSACTION
control field 20211209082830.0
008 - FIXED-LENGTH DATA ELEMENTS--GENERAL INFORMATION
fixed length control field 191127s2018 bg ||||| |||| 00| 0 ben d
020 ## - INTERNATIONAL STANDARD BOOK NUMBER
International Standard Book Number 9847008401429
035 ## - SYSTEM CONTROL NUMBER
System control number (BD-RjUL)76585
040 ## - CATALOGING SOURCE
Original cataloging agency BD-RjUL
Language of cataloging eng
Transcribing agency BD-RjUL
041 ## - LANGUAGE CODE
Language code of text/sound track or separate title eng
082 ## - DEWEY DECIMAL CLASSIFICATION NUMBER
Edition number 23
Classification number 327.5492054
Author mark and year REB 2018
100 ## - MAIN ENTRY--PERSONAL NAME
Personal name রেহমান, তারেক শামসুর
9 (RLIN) 163936
245 ## - TITLE STATEMENT
Title বাংলাদেশের পূর্বমুখী পররাষ্ট্রনীতি :
Remainder of title একটি মূল্যায়ন /
Statement of responsibility, etc. তারেক শামসুর রেহমান
260 ## - PUBLICATION, DISTRIBUTION, ETC. (IMPRINT)
Place of publication, distribution, etc. ঢাকা :
Name of publisher, distributor, etc. শোভা প্রকাশ,
Date of publication, distribution, etc. ২০১৮.
300 ## - PHYSICAL DESCRIPTION
Pagination ১৯৯ পৃ. ;
Size ২২ সেমি.
651 ## - SUBJECT ADDED ENTRY--GEOGRAPHIC NAME
Geographic name Bangladesh
General subdivision Foreign relations
9 (RLIN) 235650
Geographic name Bangladesh
General subdivision Diplomatic relations
9 (RLIN) 235651
942 ## - ADDED ENTRY ELEMENTS (KOHA)
Source of classification or shelving scheme Dewey Decimal Classification
Koha item type Books
Holdings
Lost status Source of classification or shelving scheme Damaged status Not for loan Permanent Location Current Location Shelving location Date acquired Source of acquisition Cost, normal purchase price Total Checkouts Full call number Date last seen Copy number Koha item type
  Dewey Decimal Classification   Not For Loan Central Library, University of Rajshahi Central Library, University of Rajshahi Reading Room 02/09/2019 Vidyasagar, Rajshahi 250.00   B 327.5492054 REB 2018 27/11/2019 C-1 Books